000 00898nam a2200253Ia 4500
003 OSt
005 20220923212448.0
006 a|||||r|||| 00| 0
007 ta
008 220922b |||||||| |||| 00| 0 hin d
024 _a153,209
037 _cTextual
040 _aARTS
_cARTS
_bhin
041 _2hin
_ahin
082 _aO142,3x, 152L7
100 _aनागपाल, योगेन्द्र कुमार, अनु.
_9162510
245 0 _aहरी धाटी कहानियॉं
246 _aHarī dhāṭī kahāniyaॉan
260 _aमास्को
_b प्रगति प्रकाशन
_c1977
300 _a155 पृ.
_ccm.
650 _aहिन्दी साहित्य
_9156264
942 _hO142,3x, 152L7
_cTEXL
_2CC
999 _c308856
_d308856